Conversation made easy : (Record no. 152822)
[ view plain ]
| 000 -LEADER | |
|---|---|
| fixed length control field | 00539nam a22001937a 4500 |
| 005 - DATE AND TIME OF LATEST TRANSACTION | |
| control field | 20180619123934.0 |
| 008 - FIXED-LENGTH DATA ELEMENTS--GENERAL INFORMATION | |
| fixed length control field | 180619b xxu||||| |||| 00| 0 eng d |
| 010 ## - LCCN (DPL NO) | |
| LC control number | B-018171 |
| 020 ## - INTERNATIONAL STANDARD BOOK NUMBER | |
| Terms of availability | 0.00 |
| 035 ## - SYSTEM CONTROL NUMBER | |
| System control number | B-018171 |
| 037 ## - SOURCE OF ACQUISITION | |
| Source of stock number/acquisition | BPPD/PUB |
| 082 ## - DEWEY DECIMAL CLASSIFICATION NUMBER | |
| Classification number | 481 |
| 100 ## - MAIN ENTRY--PERSONAL NAME | |
| Personal name | Bhatia H.S. |
| 245 ## - TITLE STATEMENT | |
| Title | Conversation made easy : |
| Statement of responsibility, etc | by H.S. Bhatia |
| 260 ## - PUBLICATION, DISTRIBUTION, ETC. (IMPRINT) | |
| Place of publication, distribution, etc | Delhi |
| Name of publisher, distributor, etc | Ramesh publishing house |
| 270 ## - ADDRESS | |
| Address | 4457, nai sarak, Delhi |
| 300 ## - PHYSICAL DESCRIPTION | |
| Extent | viii; 360 p. |
| Dimensions | 23cm. (Hb.) |
| 942 ## - ADDED ENTRY ELEMENTS (KOHA) | |
| Institution code [OBSOLETE] | dpl |
| Item type | English Books |
| Call number prefix | 481 / BHA |
| Source of classification or shelving scheme | Dewey Decimal Classification |
| Classification part | 481 |
| Call number suffix | BHA |
| Withdrawn status | Lost status | Source of classification or shelving scheme | Damaged status | Not for loan | Collection code | Home library | Current library | Date acquired | Source of acquisition | Cost, normal purchase price | Total Checkouts | Total Renewals | Full call number | Barcode | Date last seen | Cost, replacement price | Koha item type |
|---|---|---|---|---|---|---|---|---|---|---|---|---|---|---|---|---|---|
| Dewey Decimal Classification | Non-fiction | Shahdara Branch | Shahdara Branch | 19/06/2018 | BPPD/PUB | 0.00 | 9 | 6 | 481 BHA | B-018171 | 13/12/2024 | 0.00 | English Books |
